000 01118nam a2200241 a 4500
001 000012209
005 20240412074230.0
008 091106s1982 dr r 001 p spa d
040 _aDO-SdBNP
_bspa
_cBNPHU
082 _aRD861.44
_bC679e
100 1 _aCoiscou Weber, Rodolfo Juan,
_d1924-
_928836
245 1 0 _aEntonces, buen hombre :
_bpoema /
_cRodolfo Juan Coiscou Weber.
260 _aSanto Domingo :
_bFrahegio,
_c1982.
300 _a77 p. ;
_c16 cm.
490 1 _aAntología de nuestra voz
_v1
505 0 _tEntonces, buen hombre --
_tPrimeros pasos no.1. Luz herida. Poemas de Rodolfo Coiscou Weber. Colección antología de la sangre. ¿ Como nace ? --
_tLuz herida /
_rRamón Francisco --
_tEl sabor de una luz herida /
_rOnofre de la Rosa --
_tY sobre luz herida --
_tRodolfo Juan Coiscou Weber.
590 _aInventariado, 2018/BT
600 1 4 _aCOISCOU WEBER, RODOLFO JUAN,
_d1924-
_xCRÍTICA E INTERPRETACIÓN
_tLUZ HERIDA
_928837
650 0 _aPoesía dominicana
_966
650 0 _aLiteratura dominicana.
_967
830 0 _aAntología de nuestra voz
_n1
_928838
910 _aValidado. Control de calidad. MMOLINA
999 _c11874
_d11874